| 000 | 01141nac a22002411u 4500 | ||
|---|---|---|---|
| 010 | _a2004555580 | ||
| 020 | _a0070586713 | ||
| 082 | 0 | 0 |
_a005.8 _bB8134 |
| 090 |
_c1575 _d1575 |
||
| 100 | _aBragg, Roberta. | ||
| 245 | 1 | 0 |
_aNetwork security : _bthe complete reference / _cRoberta Bragg, Mark Rhodes-Ousley, Keith Strassberg ; with Brian Buege ... [et al.]. |
| 260 |
_aNew York : _bMcGraw-Hill/Osborne, _cc2004. |
||
| 300 |
_axxxviii, 854 p. : _bill. ; _c24 cm. |
||
| 504 | _aIncludes bibliographical references and index. | ||
| 650 | 0 |
_aComputer networks _xSecurity measures. |
|
| 700 | 1 | _aRhodes-Ousley, Mark. | |
| 700 | 1 | _aStrassberg, Keith. | |
| 856 | 4 | 2 |
_3Publisher description _uhttp://www.loc.gov/catdir/description/mh051/2004555580.html |
| 856 | 4 | 2 |
_3Contributor biographical information _uhttp://www.loc.gov/catdir/bios/mh051/2004555580.html |
| 856 | 4 | 2 |
_3Table of contents _uhttp://www.loc.gov/catdir/toc/mh051/2004555580.html |
| 942 |
_cBB _k005.8B8134 |
||
| 999 |
_c1575 _d1575 |
||